Al-Mukhtaṣar min Kitāb al-siyāq li-tārīkh-i Nīsābūr /

In the Islamic middle ages, urban histories were for the most part not the kind of chronicle that one might think, covering the political, economic, or cultural history of a particular city over a certain time. Instead, they were a kind of 'who's who' directory of names of a city'...

وصف كامل

محفوظ في:

المؤلف الرئيسي: al-Fārisī, ʿAbd al-Ghāfir (مؤلف)

مؤلفون آخرون: al-Maḥmūdī, Muḥammad Kāẓim (المحرر)

التنسيق: كتاب الكتروني

اللغة: English
Persian

منشور في: Leiden; Boston : BRILL, [2019]

سلاسل: Miras Maktoob, ISBN: 9789004365452.

الموضوعات:

الوصول للمادة أونلاين: Login to view Source

الوسوم: إضافة وسم

لا توجد وسوم, كن أول من يضع وسما على هذه التسجيلة!

رقم الطلب: DS325.N57 F372 2005

LEADER 03284nam a22005411i 4500
001 BRILL9789004404656
003 nllekb
005 20211118221414.0
006 m d
007 cr un uuuua
008 200305t20192005ne sb 001 0 eng d
010 |a  2007378440 
020 |a 9789004404656  |q (electronic book) 
020 |a 9789648700022  |q (print) 
024 7 |a 10.1163/9789004404656  |2 DOI 
035 |a (OCoLC)1153266414 
040 |a NL-LeKB  |c NL-LeKB  |e rda 
041 0 |a per  |b eng 
043 |a a-ir--- 
050 4 |a DS325.N57  |b F372 2005 
072 7 |a HBJF1  |2 bicssc 
072 7 |a HIS  |x 003000  |2 bisacsh 
072 7 |a HIS  |x 026000  |2 bisacsh 
082 0 4 |a 309.1/55/9202  |2 23 
100 1 |6 880-01  |a al-Fārisī, ʿAbd al-Ghāfir,  |e author. 
880 1 |6 100-01/(3/r  |a فارسى، عبد الغافر بن اسماعيل,  |e author. 
245 1 0 |6 880-02  |a Al-Mukhtaṣar min Kitāb al-siyāq li-tārīkh-i Nīsābūr /  |c by ʿAbd al-Ghāfir al-Fārisī ; (Edited by) Muḥammad Kāẓim al-Maḥmūdī. 
880 1 0 |6 245-02/(3/r  |a المختصر من کتاب السياق ‌لتاريخ‌ نيسابور /  |c by الامام الحافظ ابوالحسن الفارسي ; (Edited by) محمدکاظم محمودی. 
264 1 |a Leiden;   |a Boston :  |b BRILL,  |c [2019] 
264 4 |c ©2005 
300 |a 1 online resource. 
336 |a text  |b txt  |2 rdacontent 
337 |a computer  |b c  |2 rdamedia 
338 |a online resource  |2 rdacarrier 
490 1 |a Miras Maktoob, ISBN: 9789004365452 
520 |a In the Islamic middle ages, urban histories were for the most part not the kind of chronicle that one might think, covering the political, economic, or cultural history of a particular city over a certain time. Instead, they were a kind of 'who's who' directory of names of a city's prominent inhabitants, mostly from as far back as information would be available until the lifetime of the author. In the case of the city of Nishapur, which saw its greatest blossoming between the ninth and thirteenth centuries, there is al-Ḥākim al-Nīshāpūrī's (d. 405/1014) foundational Taʾrīkh Nīsābūr , an Arabic work-now lost-on which many later biographers relied. Al-Ḥākim's work was continued by ʿAbd al-Ghāfir al-Fārisī (d. 529/1134) in his al-Siyāq li-Taʾrīkh Nīsābūr . The text published here is described as a partial summary of al-Fārisī's work, although Frye in his The Histories of Nishapur (p. 10) still regarded it as a fragment of the Siyāq itself. 
546 |a Persian. 
588 |a Description based on print version record. 
651 0 |a Nīshāpūr (Iran)  |x History  |y Early works to 1800. 
651 0 |a Nīshāpūr (Iran)  |v Biography  |y Early works to 1800. 
700 1 |6 880-03  |a al-Maḥmūdī, Muḥammad Kāẓim,  |e editor. 
880 1 |6 700-03/(3/r  |a محمودى، محمد كاظم,  |e editor. 
776 0 8 |i Print version:  |t Al-Mukhtaṣar min Kitāb al-siyāq li-tārīkh-i Nīsābūr.  |d Leiden ; Boston : BRILL, 2019  |z 9789648700022  |z (OCoLC)123493856 
830 0 |a Miras Maktoob, ISBN: 9789004365452. 
856 4 |z DOI:   |u http://dx.doi.org/10.1163/9789004404656 
942 |2 lcc  |c EBOOK 
952 |0 0  |1 0  |2 lcc  |4 0  |7 1  |9 22294  |a BRILL  |b BRILL  |d 2021-11-18  |l 0  |r 2021-11-18 00:00:00  |w 2021-11-18  |y EBOOK 
999 |c 39768  |d 39768